00618nam a2200121Ia 4500008004100000100003200041245010300073245015100176260004700327260000900374650002200383856009100405160809s9999 xx 000 0 und d aGarcía-Cedillo, Ismael. aWHERE DO MEXICO AND CHILE STAND ON INCLUSIVE EDUCATION? SHORT TITLE: INCLUSION IN MEXICO AND CHILE cIsmael García-Cedillo Silvia Romero-Contreras Universidad Autónoma de San Luis Potosí Liliana Ramos-Abadie Universidad Diego Portales. bInternational Journal of Special Education c2015 xSPECIAL EDUCATION uhttp://www.internationaljournalofspecialed.com/docs/IJSE%20ENTIRE%20ISSUE%2030%202.pdf